Авторское право и образование; Высшее образование сегодня; № 11

Bibliografiske detaljer
Parent link:Высшее образование сегодня: научно-практический журнал.— , 2001-.— 1726-667X
№ 11.— 2003.— С. 48-50
Hovedforfatter: Авдеев А. Н.
Andre forfattere: Чуркина Г. Б.
Summary:Высшее образование в документах: Журнал в журнале
Sprog:russisk
Udgivet: 2003
Serier:Университетское образование
Fag:
Format: MixedMaterials Book Chapter
KOHA link:https://koha.lib.tpu.ru/cgi-bin/koha/opac-detail.pl?biblionumber=389125

MARC

LEADER 00000naa2a2200000 4500
001 389125
005 20231101063828.0
035 |a (RuTPU)RU\TPU\prd\20988 
090 |a 389125 
100 |a 20031226a2003 k y0rusy50 ca 
101 0 |a rus 
102 |a RU 
200 1 |a Авторское право и образование  |f А. Н. Авдеев, Г. Б. Чуркина 
225 1 |a Университетское образование 
300 |a Высшее образование в документах: Журнал в журнале 
461 1 |0 (RuTPU)RU\TPU\prd\1307  |x 1726-667X  |t Высшее образование сегодня  |o научно-практический журнал  |d 2001- 
463 1 |0 (RuTPU)RU\TPU\prd\20848  |t № 11  |v С. 48-50  |d 2003 
610 1 |a авторское право 
610 1 |a образование 
610 1 |a учебники 
610 1 |a электронные документы 
610 1 |a качество 
700 1 |a Авдеев  |b А. Н. 
701 1 |a Чуркина  |b Г. Б. 
801 1 |a RU  |b 63413507  |c 20031226  |g PSBO 
801 2 |a RU  |b 63413507  |c 20140729  |g RCR 
942 |c BK